000 00418nam a2200145Ia 4500
008 231217s9999 xx 000 0 und d
041 _aEnglish
082 _a001.64404 MEH
100 _aMehrotra Krishna Chilukuri Mohan K
245 0 _aElements of artificial neural networks
260 _c1997
_bMassachusetts Institute of Tec
300 _aix+344
650 _aElements,artificial,neural,networks
942 _cAA
999 _c169746
_d169746